000
00223nam a2200097Ia 4500
001
641729
005
20250826153513.0
008
250824s9999 xx 000 0 und d
245
0
_a
11 YAŞ GÜNÜ
_c
WENDY MASS
260
_b
TUDEM
999
_c
641729
_d
641729